000
00402nam a2200181Ia 4500
008
100917s9999 xx 000 0 und d
082
_b
49307
100
_a
KarniK V. S.
245
_a
M. N. Roy
260
_b
---
_c
1980
300
_a
122
365
_b
4.3
520
_a
कादंबरी
630
_a
M. N. Roy
650
_a
कादंबरी
730
_a
M. N. Roy
942
_c
BOOK
999
_c
654701
_d
654698